Dni mesta Martin '98 19.-21.6.1998

Podrobná bibliografia
Korporatívny autor: Dni mesta Martin Martin, Slovensko
Médium: Konferenčný príspevok Fotografia
Jazyk:slovenčina
Fyzický popis:1 plagát 30 x 21 cm
Vydavateľské údaje: Martin Matica slovenská 1998
Predmet:

MARC

LEADER 00000ckm a2200000 a 4500
001 vtls001335976
003 SK-MaSNL
005 20260426014209.0
007 kf ou
008 240409s1998 xo g 0k slo
015 |a SNBG1998/04-02431 
035 |a SNK000288956 
035 |a urn:nbn:sk:snk-km002piv 
035 |a A8E7C404-F355-4518-BC36-EEDB9142EB1A 
035 |a urn:nbn:sk:snk-kmtfr8 
040 |a SNK  |b slo  |c SNK  |e AACR2 
041 0 |a slo 
044 |a xo  |c SK 
080 |a 06.07"1998"  |2 1981 
080 |a (084.5)  |2 1981 
111 2 |a Dni mesta Martin  |d (1998 :  |c Martin, Slovensko)  |9 36787 
245 1 0 |a Dni mesta Martin '98  |h grafika  |b 19.-21.6.1998 
260 |a Martin  |b Matica slovenská  |c 1998 
300 |a 1 plagát  |c 30 x 21 cm 
500 |a Usporiadateľ: Mesto Martin 
648 7 |a 1998  |2 SNKPH  |9 282348 
650 0 7 |a kultúrne podujatia  |2 SNKPH  |9 71676 
650 0 7 |a spoločenské podujatia  |2 SNKPH  |9 268482 
651 7 |a Martin (Slovensko)  |2 SNKPH  |9 16875 
655 7 |a kultúrne plagáty  |2 SNKPH  |9 287709 
655 7 |a plagáty spoločenských akcií  |2 SNKPH  |9 70743 
710 1 |a Martin (Slovensko).  |b Mesto  |4 orm  |9 33575 
852 |a Slovenská národná knižnica 
958 |a CP 
958 |a GBN 
958 |a OND 
999 |c 1148249  |d 1150179 
952 |t P60, <03>, [BOOK], {603}  |a SNK  |b SNK  |y PREZ  |7 0  |p 17A1162058  |o snkLPB 1418  |i snkPL 23/98  |0 0  |1 0  |4 0  |d 1998-07-02  |f 1  |l 0  |r 2005-01-02 00:00:00  |w 2026-02-24